000 00811nam a2200193 a 4500
001 000036119
005 20200930074907.0
008 111214s1905 dr 000 0 spa d
040 _aDO-SdBNP
_bspa
_cBNPHU
100 1 _aOrtiz Fernández, Fernando,
_d1881-1969.
_962152
245 1 4 _aHampa afro-cubana :
_blos negros brujos : apuntes para un estudiso de etnología criminal /
_cFernando Ortiz Fernández ; con una carta prólogo de Lombroso ; prólogo por Alberto N. Pamies.
260 _aMadrid :
_bBiblioteca de ciencias políticas y sociales,
_c1905.
300 _a406p. :
_bil, retrs. ;
_c21 cm.
590 _aPerteneció a la biblioteca personal de Juan Isidro Jimenes Grullón
700 1 2 _aLombroso
_962153
700 1 2 _aPamies, Alberto N.
_vpról.
_962154
740 4 4 _aLos negros brujos
049 _aBNPD
999 _c35610
_d35610